[Event "Salento op 2nd"]
[Site "Gallipoli"]
[Date "2013.05.27"]
[Round "4"]
[White "Dedijer, Mira"]
[Black "Pizzuto, Samuele Tullio"]
[Result "1-0"]
[WhiteElo "1980"]
[BlackElo "2099"]
[PlyCount "75"]
[EventDate "2013.05.25"]
[EventType "swiss"]
[EventRounds "9"]
[EventCountry "ITA"]
[SourceTitle "EXT 2014"]
[Source "ChessBase"]
[SourceDate "2013.11.20"]
[SourceVersion "1"]
[SourceVersionDate "2013.11.20"]
[SourceQuality "1"]

1. e4 Nc6 2. d4 e5 3. Nf3 exd4 4. Nxd4 Bb4+ 5. c3 Bc5 6. Bc4 d6 7. 0-0 Ne5 8. Bb3 Ne7 9. Kh1 0-0 10. f4 Ng4 11. Qf3 Ng6 12. f5 N6e5 13. Qg3 Kh8 14. Bf4 Nf6 15. Nd2 Nh5 16. Qh3 Nxf4 17. Rxf4 Qf6 18. Rh4 h6 19. g4 Bxd4 20. cxd4 Nd3 21. Rf1 Qg5 22. Nb1 Nf4 23. Qg3 Ne2 24. Qf2 Nxd4 25. h3 Nxb3 26. axb3 Qf6 27. Rh5 Kg8 28. Nc3 c6 29. g5 hxg5 30. Rg1 g6 31. Rhxg5 Kg7 32. R1g3 Rh8 33. Qg2 Rh6 34. Ne2 Bd7 35. Nf4 Rah8 36. Nxg6 Rxh3+ 37. Rxh3 Rxh3+ 38. Qxh3 1-0

[Event "Olympiad Women-40"]
[Site "Istanbul"]
[Date "2012.09.05"]
[Round "8.4"]
[White "Dedijer, Mira"]
[Black "Camilia, Bt Johari"]
[Result "0-1"]
[WhiteElo "1981"]
[BlackElo "1778"]
[PlyCount "52"]
[EventDate "2012.08.28"]
[EventType "team-swiss"]
[EventRounds "11"]
[EventCountry "TUR"]
[SourceTitle "CBM 150 Extra"]
[Source "ChessBase"]
[SourceDate "2012.10.19"]
[SourceVersion "1"]
[SourceVersionDate "2012.10.19"]
[SourceQuality "1"]
[WhiteTeam "Bosnia&Hercegovina (W)"]
[BlackTeam "Malaysia (W)"]
[WhiteTeamCountry "BIH"]
[BlackTeamCountry "MAS"]

1. e4 c6 2. d3 d5 3. Nd2 dxe4 4. dxe4 e5 5. Ngf3 Bc5 6. Bc4 Nd7 7. a4 a5 8. 0-0 Ngf6 9. Qe2 Qc7 10. Nb3 Bb6 11. Bxf7+ Kxf7 12. Qc4+ Kf8 13. Ng5 Nb8 14. Rd1 Qe7 15. Be3 Nbd7 16. Ne6+ Ke8 17. Bc5 Nxc5 18. Nbxc5 Bxe6 19. Nxe6 Nxe4 20. Kf1 Nc5 21. Nxc5 Qxc5 22. Qe6+ Qe7 23. Qc4 Rf8 24. f3 Rf7 25. Re1 Kf8 26. Re4 Qc5 0-1

[Event "Olympiad Women-40"]
[Site "Istanbul"]
[Date "2012.09.01"]
[Round "5.4"]
[White "Hernandez Estevez, Yudania"]
[Black "Dedijer, Mira"]
[Result "1-0"]
[WhiteElo "2252"]
[BlackElo "1981"]
[PlyCount "109"]
[EventDate "2012.08.28"]
[EventType "team-swiss"]
[EventRounds "11"]
[EventCountry "TUR"]
[SourceTitle "CBM 150 Extra"]
[Source "ChessBase"]
[SourceDate "2012.10.19"]
[SourceVersion "1"]
[SourceVersionDate "2012.10.19"]
[SourceQuality "1"]
[WhiteTeam "Spain (W)"]
[BlackTeam "Bosnia&Hercegovina (W)"]
[WhiteTeamCountry "ESP"]
[BlackTeamCountry "BIH"]

1. e4 e5 2. Nf3 Nc6 3. Bb5 a6 4. Ba4 Nf6 5. 0-0 Be7 6. d3 b5 7. Bb3 0-0 8. Re1 d6 9. c3 Nb8 10. Nbd2 Nbd7 11. Nf1 Bb7 12. Ng3 Nc5 13. Bc2 g6 14. d4 Ncd7 15. h3 c5 16. d5 c4 17. Nh2 Re8 18. Qf3 Bf8 19. Be3 Bg7 20. a4 Qc7 21. Ra3 Nc5 22. Rea1 h5 23. Nhf1 Nfd7 24. Qd1 Nb6 25. axb5 axb5 26. Nd2 Rxa3 27. Rxa3 Ra8 28. Qa1 Rxa3 29. Qxa3 Nba4 30. Qb4 Ba6 31. Nxc4 bxc4 32. Bxa4 Nxa4 33. Qxa4 Qb7 34. Nf1 Bb5 35. Qa5 Bf6 36. Nd2 Kf8 37. Qb4 Qa6 38. Kh2 Be7 39. Nb1 Qa4 40. Na3 Qxb4 41. cxb4 Ba4 42. Nxc4 f5 43. f3 Ke8 44. Kg1 fxe4 45. fxe4 Bc2 46. Nd2 Bh4 47. b5 Kd7 48. b6 Be1 49. Nf3 Bg3 50. Ng5 Bh4 51. Ne6 Kc8 52. Bg5 Bg3 53. Nd8 Bxe4 54. b7+ Kc7 55. Be7 1-0

[Event "Sarajevo Bosna op-B 42nd"]
[Site "Sarajevo"]
[Date "2012.05.11"]
[Round "9"]
[White "Hutinovic, Halim"]
[Black "Dedijer, Mira"]
[Result "1-0"]
[WhiteElo "2044"]
[BlackElo "1984"]
[PlyCount "77"]
[EventDate "2012.05.05"]
[EventType "swiss"]
[EventRounds "9"]
[EventCountry "BIH"]
[SourceTitle "CBM 148 Extra"]
[Source "ChessBase"]
[SourceDate "2012.06.22"]
[SourceVersion "1"]
[SourceVersionDate "2012.06.22"]
[SourceQuality "1"]

1. d4 d5 2. Nf3 Nf6 3. c4 c6 4. Nc3 Bf5 5. b3 e6 6. Bb2 Ne4 7. Nxe4 Bxe4 8. Nd2 Bg6 9. g3 Qa5 10. Bg2 dxc4 11. bxc4 Bb4 12. a3 Bc3 13. Qc1 Bxb2 14. Qxb2 Qb6 15. Qc3 0-0 16. 0-0 Rd8 17. c5 Qc7 18. Nc4 b6 19. cxb6 axb6 20. Ne5 f6 21. Nxc6 Nxc6 22. Qxc6 Qxc6 23. Bxc6 Rac8 24. d5 exd5 25. Rfc1 Kf8 26. f4 Ke7 27. Bb7 Rc5 28. Rxc5 bxc5 29. a4 Rd7 30. Bc6 Rd6 31. Bb5 Rb6 32. Kf2 Kd6 33. Ke3 d4+ 34. Kd2 Be4 35. e3 Kd5 36. Rc1 dxe3+ 37. Kxe3 Bf5 38. Rd1+ Ke6 39. Bd7+ 1-0

[Event "Sarajevo Bosna op-B 42nd"]
[Site "Sarajevo"]
[Date "2012.05.09"]
[Round "7"]
[White "Jelen, Darko"]
[Black "Dedijer, Mira"]
[Result "1-0"]
[WhiteElo "2086"]
[BlackElo "1984"]
[PlyCount "117"]
[EventDate "2012.05.05"]
[EventType "swiss"]
[EventRounds "9"]
[EventCountry "BIH"]
[SourceTitle "CBM 148 Extra"]
[Source "ChessBase"]
[SourceDate "2012.06.22"]
[SourceVersion "1"]
[SourceVersionDate "2012.06.22"]
[SourceQuality "1"]

1. e4 e5 2. Nf3 Nc6 3. Bb5 a6 4. Ba4 Nf6 5. 0-0 Be7 6. d3 d6 7. c3 Bg4 8. Nbd2 0-0 9. Re1 b5 10. Bc2 Re8 11. h3 Bh5 12. Nf1 d5 13. Qe2 dxe4 14. dxe4 Bc5 15. Ng3 Bg6 16. Bg5 Qe7 17. Nh4 Qf8 18. Nhf5 Nd7 19. Rad1 Nb6 20. Bb3 Na5 21. h4 Nxb3 22. axb3 f6 23. Be3 Rad8 24. b4 Bxe3 25. Nxe3 c5 26. bxc5 Qxc5 27. h5 Bf7 28. Ngf5 Nc4 29. b4 Qf8 30. Qg4 Nxe3 31. Nxe3 Bb3 32. Rxd8 Rxd8 33. Ra1 Rd6 34. Qg3 Be6 35. Qf3 Qd8 36. Kh2 Qd7 37. h6 Qf7 38. hxg7 Qxg7 39. Kg1 Kf7 40. Nf5 Bxf5 41. Qxf5 Qg6 42. Qf3 Kg7 43. Qe3 Qf7 44. Qc5 Qd7 45. Kh2 Rc6 46. Qe3 Qc7 47. Rc1 a5 48. Qg3+ Kf8 49. bxa5 Qxa5 50. Qe3 Qc7 51. Ra1 Rxc3 52. Ra8+ Ke7 53. Qh6 Kd7 54. Qxf6 b4 55. Qf7+ Kc6 56. Qd5+ Kb6 57. Qa5+ Kc6 58. Ra6+ Kd7 59. Ra7 1-0

[Event "Sarajevo Bosna op 41st"]
[Site "Sarajevo"]
[Date "2011.05.06"]
[Round "4"]
[White "Dedijer, Mira"]
[Black "Lakota, Izet"]
[Result "1-0"]
[WhiteElo "1968"]
[BlackElo "1838"]
[PlyCount "71"]
[EventDate "2011.05.03"]
[EventType "swiss"]
[EventRounds "9"]
[EventCountry "BIH"]
[SourceTitle "CBM 142 Extra"]
[Source "ChessBase"]
[SourceDate "2011.06.27"]
[SourceVersion "1"]
[SourceVersionDate "2011.06.27"]
[SourceQuality "1"]

1. e4 e5 2. Nf3 d6 3. d4 exd4 4. Nxd4 Bd7 5. Bc4 Be7 6. Qh5 g6 7. Qd5 Be6 8. Nxe6 fxe6 9. Qxe6 Qd7 10. Qf7+ Kd8 11. Be6 Qe8 12. Qxe8+ Kxe8 13. Bc8 Nd7 14. Bxb7 Rb8 15. Bc6 Rb6 16. Bxd7+ Kxd7 17. Nc3 Bf6 18. Nd5 Rc6 19. c3 Rc4 20. f3 Be5 21. Bf4 Bg7 22. 0-0-0 Ne7 23. Nxe7 Kxe7 24. Be3 c5 25. Bf4 Rd8 26. Bg5+ Bf6 27. Bxf6+ Kxf6 28. Rd3 Ra4 29. a3 Ra6 30. Rhd1 Ke6 31. Rd5 Rd7 32. e5 Rc6 33. Rxd6+ Rdxd6 34. Rxd6+ Rxd6 35. exd6 Kxd6 36. Kc2 1-0

[Event "Sarajevo Bosna op 41st"]
[Site "Sarajevo"]
[Date "2011.05.03"]
[Round "1"]
[White "Fauland, Alexander"]
[Black "Dedijer, Mira"]
[Result "1-0"]
[WhiteElo "2478"]
[BlackElo "1968"]
[PlyCount "95"]
[EventDate "2011.05.03"]
[EventType "swiss"]
[EventRounds "9"]
[EventCountry "BIH"]
[SourceTitle "CBM 142 Extra"]
[Source "ChessBase"]
[SourceDate "2011.06.27"]
[SourceVersion "1"]
[SourceVersionDate "2011.06.27"]
[SourceQuality "1"]

1. Nf3 d5 2. b3 Bg4 3. Bb2 e6 4. e3 Nf6 5. h3 Bh5 6. g4 Bg6 7. Ne5 Nbd7 8. Nxg6 hxg6 9. d3 Bd6 10. Nd2 Qe7 11. a3 0-0 12. Bg2 c6 13. g5 Nh7 14. h4 e5 15. Qg4 f5 16. gxf6 Qxf6 17. 0-0-0 Qf5 18. Bh3 Qxg4 19. Bxg4 Nhf6 20. Be6+ Kh7 21. Nf3 Bc7 22. Rdg1 Nc5 23. Ng5+ Kh6 24. Bf7 Nh5 25. Rg2 Bd6 26. b4 Na4 27. Bxg6 Kxg6 28. Ne4+ Kh6 29. Nxd6 Nxb2 30. Kxb2 b6 31. c4 Rf6 32. c5 Raf8 33. Rhh2 Rb8 34. Kc3 a5 35. Rg5 axb4+ 36. axb4 bxc5 37. Nf5+ Rxf5 38. Rxf5 cxb4+ 39. Kb3 c5 40. Rxe5 Nf6 41. f3 Rb6 42. Rc2 Rb5 43. Rg5 Ra5 44. Ra2 Rb5 45. Ra6 Kh7 46. Ra7 Rb6 47. Raxg7+ Kh6 48. Rc7 1-0

[Event "Olympiad Women-39"]
[Site "Khanty-Mansiysk"]
[Date "2010.09.27"]
[Round "6.27"]
[White "Dedijer, Mira"]
[Black "Reppen, Ellisiv"]
[Result "0-1"]
[WhiteElo "1973"]
[BlackElo "1954"]
[PlyCount "72"]
[EventDate "2010.09.21"]
[EventType "team-swiss"]
[EventRounds "11"]
[EventCountry "RUS"]
[SourceTitle "CBM 139"]
[Source "ChessBase"]
[SourceDate "2010.11.18"]
[SourceVersion "1"]
[SourceVersionDate "2010.11.18"]
[SourceQuality "1"]
[WhiteTeam "Bosnia&Hercegovina (W)"]
[BlackTeam "Norway (W)"]
[WhiteTeamCountry "BIH"]
[BlackTeamCountry "NOR"]

1. e4 e5 2. Nf3 Nc6 3. Bb5 a6 4. Ba4 Nf6 5. 0-0 Be7 6. Re1 b5 7. Bb3 d6 8. c3 0-0 9. h3 Na5 10. Bc2 c5 11. d4 Qc7 12. Nbd2 Bb7 13. Nf1 cxd4 14. cxd4 Rac8 15. Bd3 Nc6 16. d5 Nb4 17. Ne3 Nxd3 18. Qxd3 Nd7 19. Nf5 Bd8 20. Nh2 Nc5 21. Qg3 f6 22. Bh6 Rf7 23. Bd2 Kh8 24. Rac1 Qd7 25. b3 Nxe4 26. Rxe4 Rxc1+ 27. Bxc1 Qxf5 28. Qd3 Bb6 29. Nf3 Rc7 30. Ba3 Qd7 31. Rh4 h6 32. g4 Qf7 33. Bxd6 Rc1+ 34. Kh2 Qxd5 35. Qg6 Rh1+ 36. Kg3 Qxf3# 0-1

[Event "MNT-chT (Women)"]
[Site "Cetinje"]
[Date "2010.07.24"]
[Round "1"]
[White "Benderac, Ana"]
[Black "Dedijer, Mira"]
[Result "1-0"]
[WhiteElo "2283"]
[BlackElo "1983"]
[PlyCount "65"]
[EventDate "2010.07.24"]
[EventType "team-tourn"]
[EventRounds "3"]
[EventCountry "MNE"]
[SourceTitle "CBM 137 Extra"]
[Source "ChessBase"]
[SourceDate "2010.09.01"]
[SourceVersion "1"]
[SourceVersionDate "2010.09.01"]
[SourceQuality "1"]

1. e4 e5 2. Nf3 Nc6 3. Bc4 Bc5 4. 0-0 Nf6 5. d3 h6 6. c3 Bb6 7. d4 Qe7 8. d5 Nb8 9. Bd3 0-0 10. Nbd2 c6 11. c4 a5 12. a3 d6 13. Rb1 Bg4 14. b4 axb4 15. axb4 cxd5 16. cxd5 Rc8 17. h3 Bh5 18. Nc4 Bd8 19. Ne3 Bg6 20. Nd2 Nbd7 21. g4 Nh7 22. Kh2 Qh4 23. Nf3 Qf6 24. Nf5 Ng5 25. Nxg5 hxg5 26. h4 Bxf5 27. hxg5 Bxg4 28. Qxg4 Qe7 29. Bb5 Nf8 30. Rb3 Ng6 31. Rh3 Rc2 32. Qh5 Qc7 33. Qh7+ 1-0

[Event "EU-chT (Women) 08th"]
[Site "Novi Sad"]
[Date "2009.10.30"]
[Round "9"]
[White "Bejatovic, Bojana"]
[Black "Dedijer, Mira"]
[Result "1-0"]
[WhiteElo "1833"]
[BlackElo "2005"]
[PlyCount "37"]
[EventDate "2009.10.22"]
[EventType "team-swiss"]
[EventRounds "9"]
[EventCountry "YUG"]
[SourceTitle "EXT 2010"]
[Source "ChessBase"]
[SourceDate "2010.11.25"]
[SourceVersion "1"]
[SourceVersionDate "2010.11.25"]
[SourceQuality "1"]
[WhiteTeam "Macedonia (W)"]
[BlackTeam "Bosnia&Hercegovina (W)"]
[WhiteTeamCountry "MKD"]
[BlackTeamCountry "BIH"]

1. e4 e6 2. d4 d5 3. Nd2 Nf6 4. e5 Nfd7 5. Bd3 c5 6. c3 Nc6 7. Ne2 f5 8. Nf4 Qe7 9. Nf3 c4 10. Bc2 Nb6 11. h4 g6 12. b4 Bd7 13. a4 Nd8 14. Ba3 Qg7 15. h5 gxh5 16. Nxh5 Qxg2 17. Nf6+ Kf7 18. Rg1 Qh3 19. Ng5+ 1-0

[Event "EU-chT (Women) 08th"]
[Site "Novi Sad"]
[Date "2009.10.29"]
[Round "8"]
[White "Dedijer, Mira"]
[Black "Stojanovic, Andjelija"]
[Result "0-1"]
[WhiteElo "2005"]
[BlackElo "2323"]
[PlyCount "70"]
[EventDate "2009.10.22"]
[EventType "team-swiss"]
[EventRounds "9"]
[EventCountry "YUG"]
[SourceTitle "EXT 2010"]
[Source "ChessBase"]
[SourceDate "2010.11.25"]
[SourceVersion "1"]
[SourceVersionDate "2010.11.25"]
[SourceQuality "1"]
[WhiteTeam "Bosnia&Hercegovina (W)"]
[BlackTeam "Serbia (W)"]
[WhiteTeamCountry "BIH"]
[BlackTeamCountry "SRB"]

1. e4 d6 2. d4 Nf6 3. Nc3 e5 4. Nf3 exd4 5. Nxd4 Be7 6. Be2 0-0 7. 0-0 Re8 8. Bf3 Nbd7 9. g3 Bf8 10. Re1 a5 11. Bg2 Nc5 12. Nb3 Nfd7 13. Be3 c6 14. Qd2 Ne6 15. a4 Ne5 16. Qe2 b6 17. f4 Ba6 18. Qd1 Nc4 19. Bc1 Qf6 20. Kh1 Rad8 21. Nd2 d5 22. exd5 cxd5 23. Nxd5 Qd4 24. Nxc4 Bxc4 25. c3 Qxd1 26. Rxd1 Nc7 27. Be3 Nxd5 28. Bd4 Bc5 29. Bxc5 bxc5 30. Bf3 Bb3 31. Rd2 Nb6 32. Rf2 Rd6 33. h4 Bd5 34. Kg2 Bxf3+ 35. Kxf3 f5 0-1

[Event "EU-chT (Women) 08th"]
[Site "Novi Sad"]
[Date "2009.10.27"]
[Round "6"]
[White "Dedijer, Mira"]
[Black "Novkovic, Julia"]
[Result "0-1"]
[WhiteElo "2005"]
[BlackElo "2077"]
[PlyCount "122"]
[EventDate "2009.10.22"]
[EventType "team-swiss"]
[EventRounds "9"]
[EventCountry "YUG"]
[SourceTitle "EXT 2010"]
[Source "ChessBase"]
[SourceDate "2010.11.25"]
[SourceVersion "1"]
[SourceVersionDate "2010.11.25"]
[SourceQuality "1"]
[WhiteTeam "Bosnia&Hercegovina (W)"]
[BlackTeam "Austria (W)"]
[WhiteTeamCountry "BIH"]
[BlackTeamCountry "AUT"]

1. e4 e5 2. Nc3 Nf6 3. g3 d5 4. exd5 Nxd5 5. Bg2 Nxc3 6. bxc3 Be7 7. Ne2 0-0 8. 0-0 c6 9. d3 Bg4 10. h3 Be6 11. Kh2 Bd5 12. f4 Bxg2 13. Kxg2 Nd7 14. f5 Nb6 15. Ng1 Qd5+ 16. Kh2 Rfd8 17. Qg4 Bf6 18. Bh6 Qd7 19. Ne2 Kh8 20. Bd2 Qd5 21. c4 Nxc4 22. Bc1 Nd6 23. Be3 Qa5 24. Qh5 e4 25. Rad1 g6 26. Qg4 Nxf5 27. Bd2 Qe5 28. dxe4 Nd4 29. Bf4 Qxe4 30. Nc3 Qxc2+ 31. Bd2 Nf3+ 32. Qxf3 Rxd2+ 33. Rxd2 Qxd2+ 34. Ne2 Bg7 35. a3 Re8 36. Rf2 Re7 37. Nf4 Qd7 38. h4 Be5 39. Nh3 Qd4 40. h5 Kg7 41. hxg6 hxg6 42. Ng5 Qh4+ 43. Nh3 f5 44. Kg2 Qd4 45. Kh2 Qc3 46. Kg2 Qxf3+ 47. Rxf3 Bd4 48. Rd3 c5 49. Kf3 Re1 50. Nf4 Kf6 51. Nd5+ Ke5 52. Ne7 g5 53. Rb3 Rf1+ 54. Ke2 Rf2+ 55. Ke1 Rb2 56. Rd3 Ke4 57. Rd1 Ra2 58. Rb1 Ra1 59. Rxa1 Bxa1 60. Ke2 Be5 61. g4 fxg4 0-1

[Event "EU-chT (Women) 08th"]
[Site "Novi Sad"]
[Date "2009.10.24"]
[Round "3"]
[White "Carlsen, Ellen Oen"]
[Black "Dedijer, Mira"]
[Result "1/2-1/2"]
[WhiteElo "1904"]
[BlackElo "2005"]
[PlyCount "160"]
[EventDate "2009.10.22"]
[EventType "team-swiss"]
[EventRounds "9"]
[EventCountry "YUG"]
[SourceTitle "EXT 2010"]
[Source "ChessBase"]
[SourceDate "2010.11.25"]
[SourceVersion "1"]
[SourceVersionDate "2010.11.25"]
[SourceQuality "1"]
[WhiteTeam "Norway (W)"]
[BlackTeam "Bosnia&Hercegovina (W)"]
[WhiteTeamCountry "NOR"]
[BlackTeamCountry "BIH"]

1. e4 d5 2. exd5 Qxd5 3. Nc3 Qa5 4. d4 Nf6 5. Bc4 Bf5 6. Bd2 Qb6 7. Nge2 e6 8. 0-0 c6 9. Bb3 Bd6 10. Bf4 Qc7 11. Bxd6 Qxd6 12. Ng3 Bg6 13. Re1 0-0 14. Nce4 Nxe4 15. Nxe4 Qc7 16. c3 Nd7 17. Qf3 Rfd8 18. Nd2 Nf6 19. Nc4 Bh5 20. Qe3 Nd5 21. Qg5 Bg6 22. Qe5 Qe7 23. g3 Rac8 24. Qe2 Qg5 25. Qe5 Qg4 26. Ne3 Qh3 27. Ng2 Rd7 28. Nf4 Nxf4 29. Qxf4 Rcd8 30. Re5 b6 31. Rae1 Bf5 32. f3 f6 33. Bxe6+ Bxe6 34. Rxe6 c5 35. R6e4 cxd4 36. Rxd4 Kf7 37. Rxd7+ Qxd7 38. Qc4+ Kf8 39. Qb4+ Kf7 40. Qc4+ Kf8 41. Qe6 Qxe6 42. Rxe6 Rd2 43. Rc6 Rxb2 44. Rc8+ Kf7 45. Rc7+ Kg6 46. Rxa7 Rc2 47. Ra3 h5 48. Rb3 Rxa2 49. Rxb6 Rc2 50. Rc6 Kg5 51. h4+ Kf5 52. Rc5+ Kg6 53. Rc7 Kh6 54. Rc6 Kg6 55. c4 Kf5 56. Rc5+ Ke6 57. Rxh5 Rxc4 58. Ra5 Rc2 59. Ra1 Kf5 60. Rf1 g5 61. hxg5 fxg5 62. Rf2 Rc1+ 63. Kg2 Rc5 64. Re2 Ra5 65. g4+ Kf6 66. Kg3 Ra6 67. Rh2 Kg7 68. Rf2 Kg6 69. f4 Ra3+ 70. Rf3 gxf4+ 71. Kxf4 Rxf3+ 72. Kxf3 Kg5 73. Kg3 Kg6 74. Kf4 Kf6 75. g5+ Kg6 76. Kg4 Kg7 77. Kf5 Kf7 78. Kg4 Kg6 79. Kf4 Kg7 80. Kf5 Kf7 1/2-1/2

[Event "EU-chT (Women) 08th"]
[Site "Novi Sad"]
[Date "2009.10.22"]
[Round "1"]
[White "Dedijer, Mira"]
[Black "Gara, Anita"]
[Result "0-1"]
[WhiteElo "2005"]
[BlackElo "2365"]
[PlyCount "86"]
[EventDate "2009.10.22"]
[EventType "team-swiss"]
[EventRounds "9"]
[EventCountry "YUG"]
[SourceTitle "EXT 2010"]
[Source "ChessBase"]
[SourceDate "2010.11.25"]
[SourceVersion "1"]
[SourceVersionDate "2010.11.25"]
[SourceQuality "1"]
[WhiteTeam "Bosnia&Hercegovina (W)"]
[BlackTeam "Hungary (W)"]
[WhiteTeamCountry "BIH"]
[BlackTeamCountry "HUN"]

1. e4 c5 2. Nf3 g6 3. d4 cxd4 4. Nxd4 Nf6 5. Nc3 d6 6. Bb5+ Bd7 7. Bxd7+ Nbxd7 8. 0-0 Bg7 9. Be3 0-0 10. f3 Rc8 11. Qd2 Re8 12. Kh1 Ne5 13. b3 Qa5 14. Nce2 Qxd2 15. Bxd2 Nfd7 16. Rad1 Nc6 17. Nxc6 Rxc6 18. c4 Ra6 19. a4 Nc5 20. Rb1 Rc8 21. Nc3 e6 22. Nb5 Be5 23. Be3 Kf8 24. Rfd1 Ke7 25. g3 Bf6 26. Kg2 g5 27. Rd2 g4 28. Bf4 gxf3+ 29. Kxf3 Be5 30. Bg5+ f6 31. Be3 h5 32. Rg2 Rf8 33. h3 f5 34. Bxc5 dxc5 35. Rd1 Rb6 36. Rd3 a6 37. Na3 Rd8 38. Rgd2 Rxb3 39. Rxb3 Rxd2 40. Rxb7+ Kf6 41. Rb3 Bd4 42. exf5 exf5 43. Rb6+ Ke5 0-1

[Event "BIH-chT (Women)"]
[Site "Banja Vrucica"]
[Date "2009.06.10"]
[Round "5"]
[White "Boric, Elena"]
[Black "Dedijer, Mira"]
[Result "1/2-1/2"]
[WhiteElo "2250"]
[BlackElo "1990"]
[PlyCount "74"]
[EventDate "2009.06.06"]
[EventType "team-tourn"]
[EventRounds "5"]
[EventCountry "BIH"]
[SourceTitle "CBM 130 Extra"]
[Source "ChessBase"]
[SourceDate "2009.07.02"]
[SourceVersion "2"]
[SourceVersionDate "2009.07.15"]
[SourceQuality "1"]

1. e4 e6 2. Qe2 c5 3. Nf3 Nc6 4. g3 g6 5. Bg2 Bg7 6. 0-0 Nge7 7. c3 e5 8. d3 0-0 9. Nh4 d6 10. f4 exf4 11. Bxf4 Be6 12. Nd2 d5 13. Kh1 Qd7 14. Nhf3 Rad8 15. e5 b6 16. d4 cxd4 17. Nxd4 Nxd4 18. cxd4 Bh3 19. Bg5 Bxg2+ 20. Qxg2 Rde8 21. Nf3 Qe6 22. Rae1 h6 23. Bd2 Rc8 24. Bb4 Rfe8 25. Rf2 a5 26. Bc3 Nc6 27. Ref1 Rc7 28. Ne1 Na7 29. Nd3 g5 30. a4 Nc6 31. h4 Qg6 32. Qf3 Rd8 33. hxg5 hxg5 34. Qf5 Re8 35. Kg2 Re6 36. Qxg6 Rxg6 37. g4 Nd8 1/2-1/2

[Event "Olympiad Women-38"]
[Site "Dresden"]
[Date "2008.11.23"]
[Round "10"]
[White "Dedijer, Mira"]
[Black "Fakhiridou, Ekaterini"]
[Result "0-1"]
[WhiteElo "1999"]
[BlackElo "2248"]
[PlyCount "53"]
[EventDate "2008.11.13"]
[EventType "team-swiss"]
[EventRounds "11"]
[EventCountry "GER"]
[SourceTitle "CBM 128"]
[Source "ChessBase"]
[SourceDate "2009.01.28"]
[SourceVersion "1"]
[SourceVersionDate "2009.01.28"]
[SourceQuality "1"]
[WhiteTeam "Bosnia&Hercegovina (W)"]
[BlackTeam "Greece (W)"]
[WhiteTeamCountry "BIH"]
[BlackTeamCountry "GRE"]

1. e4 c5 2. Nf3 Nc6 3. d4 cxd4 4. Nxd4 Nf6 5. Nc3 e6 6. Be2 Bb4 7. f3 d5 8. Nxc6 bxc6 9. exd5 Nxd5 10. Bd2 0-0 11. 0-0 Rb8 12. Nxd5 exd5 13. Bxb4 Rxb4 14. b3 Rh4 15. g3 Qb6+ 16. Kh1 Rh6 17. Qe1 Bh3 18. Rf2 Re6 19. Qg1 Rfe8 20. Bd3 Qb4 21. a3 Qc3 22. Rff1 Bxf1 23. Rxf1 Re1 24. Kg2 Qd2+ 25. Qf2 R1e2 26. Bxe2 Rxe2 27. a4 0-1

[Event "Olympiad Women-38"]
[Site "Dresden"]
[Date "2008.11.16"]
[Round "4"]
[White "Dedijer, Mira"]
[Black "Gesser, Bella"]
[Result "0-1"]
[WhiteElo "1999"]
[BlackElo "2254"]
[PlyCount "68"]
[EventDate "2008.11.13"]
[EventType "team-swiss"]
[EventRounds "11"]
[EventCountry "GER"]
[SourceTitle "CBM 128"]
[Source "ChessBase"]
[SourceDate "2009.01.28"]
[SourceVersion "1"]
[SourceVersionDate "2009.01.28"]
[SourceQuality "1"]
[WhiteTeam "Bosnia&Hercegovina (W)"]
[BlackTeam "Israel (W)"]
[WhiteTeamCountry "BIH"]
[BlackTeamCountry "ISR"]

1. e4 c5 2. Nf3 d6 3. Bb5+ Nc6 4. 0-0 Bd7 5. Re1 g6 6. d4 cxd4 7. Nxd4 Bg7 8. Be3 Nf6 9. f3 0-0 10. Na3 Qc7 11. c3 Rad8 12. Kh1 d5 13. exd5 Nxd5 14. Bg1 Nf4 15. Nxc6 Bh3 16. Nxe7+ Kh8 17. gxh3 Rxd1 18. Raxd1 a6 19. Rd7 Qa5 20. Bc4 Qh5 21. Rf1 Qxh3 22. Rd2 Nh5 23. Rg2 Rd8 24. Nd5 b5 25. Bb6 bxc4 26. Bxd8 Ng3+ 27. Kg1 Nxf1 28. Nf4 Qxf3 29. Rf2 Qd1 30. Rxf1 Qxd8 31. Nxc4 Bh6 32. Ng2 Qd5 33. b3 Kg7 34. Kf2 Qd3 0-1

[Event "Olympiad Women-38"]
[Site "Dresden"]
[Date "2008.11.14"]
[Round "2"]
[White "Thilakawardana, Supeshala"]
[Black "Dedijer, Mira"]
[Result "1/2-1/2"]
[WhiteElo "1815"]
[BlackElo "1999"]
[PlyCount "83"]
[EventDate "2008.11.13"]
[EventType "team-swiss"]
[EventRounds "11"]
[EventCountry "GER"]
[SourceTitle "CBM 128"]
[Source "ChessBase"]
[SourceDate "2009.01.28"]
[SourceVersion "1"]
[SourceVersionDate "2009.01.28"]
[SourceQuality "1"]
[WhiteTeam "Sri Lanka (W)"]
[BlackTeam "Bosnia&Hercegovina (W)"]
[WhiteTeamCountry "SRI"]
[BlackTeamCountry "BIH"]

1. d4 d5 2. c4 dxc4 3. Nc3 e5 4. Qa4+ Bd7 5. Qxc4 exd4 6. Qxd4 Nc6 7. Qd1 Nf6 8. Bf4 Bc5 9. Nf3 0-0 10. e3 h6 11. Bb5 Bb6 12. 0-0 a6 13. Ba4 Qe7 14. h3 Rad8 15. Qe2 Nb4 16. Bxd7 Rxd7 17. Ne5 Rdd8 18. Qc4 Nbd5 19. Nxd5 Nxd5 20. Rfd1 Nxf4 21. Qxf4 c6 22. Nf3 Bc7 23. Qc4 Rxd1+ 24. Rxd1 Rd8 25. Rd4 Rxd4 26. Qxd4 Qd6 27. Qxd6 Bxd6 28. Kf1 Kf8 29. Ke2 Ke7 30. Kd3 Ke6 31. Ke4 f5+ 32. Kd3 c5 33. Nd2 b5 34. b3 Kd5 35. g4 Ke6 36. f3 g6 37. Nb1 h5 38. gxf5+ gxf5 39. a4 bxa4 40. bxa4 Be5 41. Kc4 Kd6 42. Nd2 1/2-1/2

[Event "BIH-ch (Women)"]
[Site "Ilidza"]
[Date "2008.02.04"]
[Round "4"]
[White "Boric, Masa"]
[Black "Dedijer, Mira"]
[Result "0-1"]
[WhiteElo "1649"]
[BlackElo "1969"]
[PlyCount "128"]
[EventDate "2008.02.01"]
[EventType "tourn"]
[EventRounds "9"]
[EventCountry "BIH"]
[SourceTitle "CBM 122 Extra"]
[Source "ChessBase"]
[SourceDate "2008.03.04"]
[SourceVersion "1"]
[SourceVersionDate "2008.03.04"]
[SourceQuality "1"]

1. d4 d5 2. Nf3 Nf6 3. Bf4 c5 4. e3 Qb6 5. Qc1 Nc6 6. c3 Bf5 7. Be2 e6 8. h3 h6 9. Nbd2 c4 10. 0-0 Qd8 11. Bd1 b5 12. Bc2 Bxc2 13. Qxc2 Bd6 14. Bxd6 Qxd6 15. e4 Qc7 16. e5 Ng8 17. Nh2 f5 18. exf6 gxf6 19. Qg6+ Qf7 20. Qxf7+ Kxf7 21. f4 Nge7 22. Rae1 b4 23. Kf2 Rab8 24. Rb1 Rb6 25. a3 a5 26. Nhf3 Rhb8 27. Rfc1 Na7 28. g4 Nb5 29. axb4 axb4 30. Ke3 Nd6 31. Ra1 Nc6 32. Ra2 b3 33. Raa1 Re8 34. Kf2 e5 35. fxe5 fxe5 36. dxe5 Nxe5 37. Nxe5+ Rxe5 38. Re1 Ne4+ 39. Nxe4 dxe4 40. Rad1 Ke6 41. Rd4 Rd6 42. Rexe4 Rxd4 43. Rxd4 Rc5 44. Kf3 Ke5 45. Re4+ Kd5 46. Kf4 Rc8 47. Re5+ Kd6 48. Rf5 Ra8 49. Kg3 Re8 50. Rf6+ Kd5 51. Rf2 Re3+ 52. Kh4 Ke4 53. g5 hxg5+ 54. Kxg5 Rxh3 55. Kg4 Ke3 56. Rg2 Rf3 57. Rh2 Rf1 58. Rg2 Rf2 59. Rxf2 Kxf2 60. Kf4 Ke2 61. Ke4 Kd2 62. Kd4 Kc2 63. Kxc4 Kxb2 64. Kd5 Kxc3 0-1